000 01569 a2200241 4500
001 10497
005 20260407155438.0
008 260407a2011 arg spa d
003 AR-UNSa-BCEJYS
040 _aAR-UNSa-BCEJYS
_bspa
_cAR-UNSa-BCEJYS
080 _a336.225
_xMétodo de tributación y administración de impuestos
245 1 0 _aProcedimiento tributario
_pLey 11.683, Decreto 618/97
020 _a978-987-03-1959-7
250 _a7a. ed.
264 1 _aBuenos Aires :
_bLa Ley
_c2011
300 _acii, 886 p.
_c24 cm.
505 _a1. Disposiciones generales - 2. Sujetos de los deberes impositivos - 3. Determinación y percepción de impuestos - 4. Del pago - 5. Verificación y fiscalización - 6. Intereses, ilícitos y sanciones - 7. Responsables de las sanciones 8. De la prescripción - 9. Procedimiento penal y contencioso administrativo - 10. Procedimiento contencioso judicial - 11. Juicio de ejecución fiscal - 12. Disposiciones varias - 13. Régimen especial de fiscalización - 14. Cuenta de jerarquización - 15. Régimen de actualización - 16. Regímenes de promoción - 17. De la organización y competencia de los tribunales ficales y actuación ante ellos - 18. De las acciones y recursos - 19. De la sentencia del tribunal - 20.Disposiciones generales - 21. Otras disposiciones
942 _cBK
590 _aniveau_biblio:m niveau_hierar:0
100 1 _aFolco, Carlos Maria
700 1 _aGómez, Teresa
856 4 1 _uhttps://biblioeco.unsa.edu.ar/pmb/images/libros/Procedimiento tributario-118777.jpg
_yImagen de portada
_qimage/jpeg
999 _c463
_d463